| 000 | 00000nas 2200000zi 4500 |
| 001 | 9.870633 |
| 003 | CaOODSP |
| 005 | 20250422143457 |
| 006 | m o d f |
| 007 | cr cn |||||||| |
| 008 | 190327c20189999oncar p o f0###a0eng|d |
| 022 | |a2562-4784 |
| 040 | |aCaOODSP|beng|erda|cCaOODSP |
| 043 | |an-cn--- |
| 086 | 1 |aJU7-8E-PDF |
| 110 | 1 |aCanada. |bSupreme Court. |
| 222 | 0|aYear in review |b(Canada. Supreme Court. Online) |
| 245 | 10|aYear in review. |
| 260 | |a[Ottawa] : |bSupreme Court of Canada = Cour suprême du Canada, |c[2019]- |
| 310 | |aAnnual |
| 336 | |atext|btxt|2rdacontent |
| 337 | |acomputer|bc|2rdamedia |
| 338 | |aonline resource|bcr|2rdacarrier |
| 362 | 1 |aBegan with 2018. |
| 500 | |aIssued also in French under title: Rétrospective annuelle. |
| 588 | |aDescription based on: 2018. |
| 588 | |aLatest issue consulted: 2018. |
| 692 | 07|2gccst|aJudges |
| 692 | 07|2gccst|aCourts |
| 775 | 08|tRétrospective annuelle.|w(CaOODSP)9.870635 |